<?xml version="1.0" encoding="UTF-8"?>
<record
    xmlns:xsi="http://www.w3.org/2001/XMLSchema-instance"
    xsi:schemaLocation="http://www.loc.gov/MARC21/slim http://www.loc.gov/standards/marcxml/schema/MARC21slim.xsd"
    xmlns="http://www.loc.gov/MARC21/slim">

  <leader>03557cam a22005174i 4500</leader>
  <controlfield tag="003">PE-LiUPU</controlfield>
  <controlfield tag="005">20260423175757.0</controlfield>
  <controlfield tag="008">150706s2003    ag      rb    000 0 spa d</controlfield>
  <datafield tag="020" ind1=" " ind2=" ">
    <subfield code="a">9505739656</subfield>
  </datafield>
  <datafield tag="035" ind1=" " ind2=" ">
    <subfield code="a">(Sirsi) i9789505739653</subfield>
  </datafield>
  <datafield tag="040" ind1=" " ind2=" ">
    <subfield code="a">PE-LiUPU</subfield>
    <subfield code="b">spa</subfield>
    <subfield code="c">PE-LiUPU</subfield>
    <subfield code="e">rda</subfield>
  </datafield>
  <datafield tag="049" ind1=" " ind2=" ">
    <subfield code="a">PRUA</subfield>
  </datafield>
  <datafield tag="050" ind1=" " ind2="4">
    <subfield code="a">BT886</subfield>
    <subfield code="b">.G85 2003</subfield>
  </datafield>
  <datafield tag="082" ind1="0" ind2="4">
    <subfield code="a">236</subfield>
    <subfield code="b">G973c</subfield>
    <subfield code="2">23</subfield>
  </datafield>
  <datafield tag="100" ind1="1" ind2=" ">
    <subfield code="a">Gulley, Norman ,</subfield>
    <subfield code="e">autor.</subfield>
  </datafield>
  <datafield tag="245" ind1="1" ind2="1">
    <subfield code="a">&#xA1;Cristo viene! :</subfield>
    <subfield code="b">un enfoque cristoc&#xE9;ntrico de los eventos de los &#xFA;ltimos d&#xED;as /</subfield>
    <subfield code="c">Norman Gulley.</subfield>
  </datafield>
  <datafield tag="264" ind1=" " ind2="1">
    <subfield code="a">Buenos Aires, AG :</subfield>
    <subfield code="b">ACES,</subfield>
    <subfield code="c">2003.</subfield>
  </datafield>
  <datafield tag="300" ind1=" " ind2=" ">
    <subfield code="a">624 p&#xE1;ginas ;</subfield>
    <subfield code="c">24 cent&#xED;metros</subfield>
  </datafield>
  <datafield tag="336" ind1=" " ind2=" ">
    <subfield code="a">text</subfield>
    <subfield code="2">rdacontent</subfield>
  </datafield>
  <datafield tag="337" ind1=" " ind2=" ">
    <subfield code="a">unmediated</subfield>
    <subfield code="2">rdamedia</subfield>
  </datafield>
  <datafield tag="338" ind1=" " ind2=" ">
    <subfield code="a">volume</subfield>
    <subfield code="2">rdacarrier</subfield>
  </datafield>
  <datafield tag="504" ind1=" " ind2=" ">
    <subfield code="a">Incluye referencias bibliogr&#xE1;ficas al final de cada cap&#xED;tulo.</subfield>
  </datafield>
  <datafield tag="505" ind1="0" ind2=" ">
    <subfield code="a">Informaci&#xF3;n para el viaje -- Esperanza para el hombre posmoderno -- La gran cosmovisi&#xF3;n b&#xED;blica -- Cristo conoce el futuro -- Cristo est&#xE1; al mando de los eventos finales -- Vista anticipada de los eventos de los &#xFA;ltimos d&#xED;as -- Eventos finales seg&#xFA;n el dispensacionalismo -- Otras perspectivas acerca de los acontecimientos finales -- El papel de la iglesia cat&#xF3;lica -- El movimiento ecum&#xE9;nico -- El espiritismo moderno -- El espiritismo moderno -- El movimiento carism&#xE1;tico -- Teosof&#xED;as: Ra&#xED;ces del movimiento de la nueva era -- El movimiento de la nueva era y los acontecimientos finales -- El ataque de la nueva era sobre Jesucristo -- La coalici&#xF3;n cristiana y el final -- La escatolog&#xED;a de la teolog&#xED;a del dominio -- Precursores de la escatolog&#xED;a del tiempo del fin -- "De ninguna manera morir&#xE9;is" -- El estado intermedio -- El purgatorio -- Concepci&#xF3;n Hol&#xED;stica de la naturaleza humana -- La idea cristiana de la muerte -- Se recalienta el debate acerca del infierno -- Las cosmovisiones b&#xED;blicas y el infierno -- La batalla contra el s&#xE1;bado -- &#xBF;Est&#xE1; en crisis el s&#xE1;bado? -- El domingo: El S&#xE1;bado de Satan&#xE1;s -- El s&#xE1;bado cristiano -- El problema real en la  venidera ley dominical -- Evoluci&#xF3;n: teor&#xED;a en crisis -- Evidencias contra la evoluci&#xF3;n -- La evoluci&#xF3;n bajo presi&#xF3;n y un desaf&#xED;o del tiempo del fin -- El juicio anterior al advenimiento -- Las buenas nuevas del juicio anterior al advenimiento -- Las buenas nuevas del juicio anterior al advenimiento -- El milenio -- C&#xF3;mo tener seguridad -- El viaje -- Es el tiemplo del  fin -- La &#xFA;ltima ofensiva de Satan&#xE1;s para dominar el mundo -- "y se maravill&#xF3; toda la tierra" -- El tiempo de angustia  previo -- Dos reuniones en marcha -- El gran tiempo de angustia -- La mayor operaci&#xF3;n rescate de todos los tiempos -- El otro viaje.</subfield>
  </datafield>
  <datafield tag="526" ind1=" " ind2=" ">
    <subfield code="a">SEG42</subfield>
  </datafield>
  <datafield tag="526" ind1=" " ind2=" ">
    <subfield code="a">SEG41</subfield>
  </datafield>
  <datafield tag="526" ind1=" " ind2=" ">
    <subfield code="a">SEG40</subfield>
  </datafield>
  <datafield tag="526" ind1=" " ind2=" ">
    <subfield code="a">SEG39</subfield>
  </datafield>
  <datafield tag="526" ind1=" " ind2=" ">
    <subfield code="a">P94</subfield>
  </datafield>
  <datafield tag="526" ind1=" " ind2=" ">
    <subfield code="a">P87</subfield>
  </datafield>
  <datafield tag="526" ind1=" " ind2=" ">
    <subfield code="a">P86</subfield>
  </datafield>
  <datafield tag="526" ind1=" " ind2=" ">
    <subfield code="a">P85</subfield>
  </datafield>
  <datafield tag="526" ind1=" " ind2=" ">
    <subfield code="a">P77</subfield>
  </datafield>
  <datafield tag="526" ind1=" " ind2=" ">
    <subfield code="a">P76</subfield>
  </datafield>
  <datafield tag="526" ind1=" " ind2=" ">
    <subfield code="a">P35</subfield>
  </datafield>
  <datafield tag="650" ind1="0" ind2="4">
    <subfield code="a">Escatolog&#xED;a.</subfield>
    <subfield code="9">5923</subfield>
  </datafield>
  <datafield tag="650" ind1="0" ind2="0">
    <subfield code="a">Adventistas del s&#xE9;ptimo d&#xED;a</subfield>
    <subfield code="x">Gobierno</subfield>
    <subfield code="9">3095</subfield>
  </datafield>
  <datafield tag="650" ind1="0" ind2="0">
    <subfield code="a">Fin del mundo</subfield>
    <subfield code="9">3096</subfield>
  </datafield>
  <datafield tag="650" ind1="0" ind2="0">
    <subfield code="a">Segunda venida</subfield>
    <subfield code="9">3097</subfield>
  </datafield>
  <datafield tag="910" ind1=" " ind2=" ">
    <subfield code="a">gl</subfield>
  </datafield>
  <datafield tag="942" ind1=" " ind2=" ">
    <subfield code="2">ddc</subfield>
    <subfield code="c">BK</subfield>
    <subfield code="n">0</subfield>
  </datafield>
  <datafield tag="949" ind1=" " ind2=" ">
    <subfield code="a">236 G973&#xA1;</subfield>
    <subfield code="w">DEWEY</subfield>
    <subfield code="c">1</subfield>
    <subfield code="i">64384</subfield>
    <subfield code="l">CIA</subfield>
    <subfield code="m">BWL</subfield>
    <subfield code="p">20.00</subfield>
    <subfield code="r">1</subfield>
    <subfield code="s">Y</subfield>
    <subfield code="t">BOOK</subfield>
    <subfield code="u">2015-7-6</subfield>
    <subfield code="x">WHITE</subfield>
    <subfield code="z">UNKNOWN</subfield>
    <subfield code="o">.STAFF. Colecci&#xF3;n General</subfield>
  </datafield>
  <datafield tag="949" ind1=" " ind2=" ">
    <subfield code="a">236.9 G91</subfield>
    <subfield code="w">DEWEY</subfield>
    <subfield code="c">1</subfield>
    <subfield code="i">53830</subfield>
    <subfield code="d">2017-6-30</subfield>
    <subfield code="e">2017-6-27</subfield>
    <subfield code="f">2017-2-14</subfield>
    <subfield code="g">1</subfield>
    <subfield code="l">CCODEBUL1</subfield>
    <subfield code="m">BUL</subfield>
    <subfield code="n">11</subfield>
    <subfield code="r">0</subfield>
    <subfield code="s">Y</subfield>
    <subfield code="t">BOOK</subfield>
    <subfield code="u">2015-6-25</subfield>
    <subfield code="x">TEOLOGIA</subfield>
    <subfield code="z">UNKNOWN</subfield>
    <subfield code="0">COMPRA</subfield>
    <subfield code="o">.STAFF. Colecci&#xF3;n General</subfield>
  </datafield>
  <datafield tag="980" ind1=" " ind2=" ">
    <subfield code="8">18226</subfield>
    <subfield code="g">Jaime Vilcaz&#xE1;n Jefe de An&#xE1;lisis Documental</subfield>
  </datafield>
  <datafield tag="999" ind1=" " ind2=" ">
    <subfield code="c">43924</subfield>
    <subfield code="d">43924</subfield>
  </datafield>
  <datafield tag="952" ind1=" " ind2=" ">
    <subfield code="r">2025-12-03 00:00:00</subfield>
    <subfield code="i">6</subfield>
    <subfield code="l">18</subfield>
    <subfield code="o">236 G973c</subfield>
    <subfield code="p">53830</subfield>
    <subfield code="s">2024-10-28</subfield>
    <subfield code="t">e1</subfield>
    <subfield code="v">25.00</subfield>
    <subfield code="w">2015-06-25</subfield>
    <subfield code="x">FT</subfield>
    <subfield code="y">BK</subfield>
    <subfield code="z">inventario-2023-12-13</subfield>
    <subfield code="1">0</subfield>
    <subfield code="2">ddc</subfield>
    <subfield code="5">0</subfield>
    <subfield code="7">0</subfield>
    <subfield code="8">GEN</subfield>
    <subfield code="f">P35</subfield>
    <subfield code="a">BUL</subfield>
    <subfield code="b">BUL</subfield>
    <subfield code="c">GEN</subfield>
    <subfield code="d">2015-06-25</subfield>
    <subfield code="e">COMPRA</subfield>
    <subfield code="g">20.00</subfield>
  </datafield>
</record>
